Protocolo a la convención americana sobre derechos humanos relativo a la abolición de la pena de muerte

El Protocolo a la Convención Americana sobre Derechos Humanos relativo a la Abolición de la Pena de Muerte es un tratado internacional que busca abolir la pena capital en América. Adoptado en Asunción, Paraguay, el 8 de junio de 1990, el protocolo establece que los Estados partes no aplicarán la pen...

Descripción completa

Detalles Bibliográficos
Autor Corporativo: Naciones Unidas
Formato: Recurso en linea
Lenguaje:español
Publicado: Naciones Unidas, 1990.
Acceso en línea:Acceso electrónico al documento

MARC

LEADER 00000nam a22000007a 4500
008 251110s1990 sl |||| o|||| 00| 0 spa d
040 |a UAHC  |c UAHC 
110 |a Naciones Unidas  |9 6026 
245 |a Protocolo a la convención americana sobre derechos humanos relativo a la abolición de la pena de muerte  |c Asamblea general de las Naciones Unidas. 
260 |b Naciones Unidas,  |c 1990. 
300 |a 2 páginas 
500 |a Sitio visitado https://www.oas.org/juridico/spanish/tratados/a-53.html el 6 de noviembre de 2025. 
520 |a El Protocolo a la Convención Americana sobre Derechos Humanos relativo a la Abolición de la Pena de Muerte es un tratado internacional que busca abolir la pena capital en América. Adoptado en Asunción, Paraguay, el 8 de junio de 1990, el protocolo establece que los Estados partes no aplicarán la pena de muerte en su territorio, aunque permite una reserva para delitos militares extremadamente graves en tiempo de guerra.  
856 |y Acceso electrónico al documento  |u https://www.oas.org/juridico/spanish/tratados/a-53.html 
942 |c RL 
952 |0 0  |1 0  |4 0  |6 RECURSO_ELECTRÓNICO  |7 0  |8 COMP  |9 101453  |a BR  |b BR  |c Digital  |d 2025-11-10  |l 0  |o Recurso electrónico  |r 2025-11-10 20:24:46  |w 2025-11-10  |y RL  |B DER 
999 |c 63152  |d 63152